|
|
|
|
| LEADER |
00645nam a2200157Ia 4500 |
| 001 |
69123 |
| 008 |
170722s9999 xx 000 0 und d |
| 100 |
|
|
|a Vijayaraghan, Kalipankulam
|
| 245 |
|
|
|a Ente Kazhchappadukal /
|
| 260 |
|
|
|a Thiruvananthapuram :
|b Author ,
|c 1983.
|
| 300 |
|
|
|a 88 p.
|c 18Cms
|
| 653 |
|
|
|a Malayalam Prose
|
| 942 |
|
|
|c GEN
|
| 999 |
|
|
|c 102016
|d 102016
|
| 952 |
|
|
|0 0
|1 0
|4 0
|6 O_3261NV120X_M3KRM31
|7 0
|8 KR
|9 143397
|a LIB
|b LIB
|d 2017-08-12
|o O32,61NV120x M3(KR)-M3;1
|p 191418
|r 2017-08-12
|v 7.00
|w 2017-08-12
|y GEN
|
| 952 |
|
|
|0 0
|1 0
|4 0
|6 O_3261NV120X_M3KRM31
|7 0
|9 143398
|a LIB
|b LIB
|d 2017-08-12
|o O32,61NV120x M3(KR)-M3;1
|p 191419
|r 2017-08-12
|v 7.00
|w 2017-08-12
|y GEN
|